000 00977nam a22002537a 4500
999 _c65561
_d65561
005 20240530110831.0
008 190903s2008 le a g b 000 0 ara d
017 _bمصر. دار الكتب
020 _a9789953821795
040 _aEG-CaGPL
_cEG-CaGPL
082 0 4 _221
_a227 \
_bم ف
100 0 _aمحمد عابد الجابرى
245 1 0 _aفهم القران الحكيم :
_bالتفسير الواضح حسب ترتيب النزول /
_cمحمد عابد الجابرى
250 _aط.1
260 _aبيروت :
_bمركز دراسات الوحدة العربية،
_c2008
300 _a398 ص. ؛
_c24 سم.
504 _aيشتمل على ارجاعات ببليوجرافية
650 0 7 _2qrmak
_aالقران الكريم
_xتفسير
650 0 7 _aالقران الكريم
_xسور وايات
650 0 7 _aالقران الكريم
_2qrmak
_xنزول
651 _2qrmak
942 _2ddc
_cBK